000 00604cam a22001933a 4500
001 45369
003 PGUSA
005 20140828084040.0
008 140413s2014||||xxu|||||s|||||000 | eng d
040 _aPGUSA
_beng
042 _adc
245 1 4 _aThe Life of an Insect :
_bbeing a history of the changes of insects from the egg to the perfect being.
_h[electronic resource] /
_cAnonymous
260 _bProject Gutenberg,
_c2014
506 _aPublic domain in the USA.
516 _aElectronic text
830 0 _aProject Gutenberg
_v45369
856 4 0 _uhttp://www.gutenberg.org/ebooks/45369
942 _cEB
999 _c274620
_d274620